1148 1304 1291 1155 1884 1719 1005 1422 1809 1894 1609 1661 1283 1640 1933 1352 1590 1592 1557 1431 1135 1711 1457 1736 1704 1369 1819 1991 1460 1573 1385 1472 1581 1857 1812 1578 1437 1087 1420 1160 1453 1437 1559 1374 1057 1411 1873 1417 1948 1592 1562 1706 1458 1894 1617 1002 1583 1342 1868 1161 1663 1367 1455 1989 1058 1162 1750 1618 1663 1085 1565 1350 1527 1290 1407 1319 1023 1605 1470 1883 1173 1147 1914 1130 1277 1856 1302 1991 1897 1223 1732 1374 1227 1235 1571 1225 1162 1668 1137 BCNSPRNW ULIB Ver.6.0+V

เปลี่ยนเป็นภาษาไทย

Change to English
 แสดงรายละเอียดบรรณานุกรม
  กลับหน้าหลัก

Brief Record : Get Marc (ISO 2709) : E-mail record : QR code < ปิดหน้าต่าง
LEADER : 00000nam 2200000uu 4500
001    13399124317
003     ULIB
008    020711s2010 th a 000 0 eng d
020    9780323067461
060    WD220^bZ58M
100    JoAnn Zerwekh
245    Mosby's Fluids & Electrolytes Memory NoteCards: Visual, Mnemonic, and Memory Aids for Nurses/^cJoAnn Zerwekh, Jo Carol Claborn,Tom Gaglione
250    2nd.th ed
260    St Louis :^bMosby,^c2010
300    138 pages
700     Jo Carol Claborn
700    Tom Gaglione
945    ^p0^l0^i027442
รายการนี้ยังไม่มีแท็ก
คุณยังไม่ได้ล็อกอิน คุณสามารถมีกิจกรรมร่วมกับเว็บไซต์ได้ แต่ต้องล็อกอินก่อน ::
  ล็อกอิน

รายการสื่อสารสนเทศ

ลำดับที่ ประเภท เลขเรียก/บาร์โค้ด สถานที่ สถานะ
1. วิทยาศาสตร์การแพทย์ และสุขภาพ
วิทยาศาสตร์การแพทย์ และสุขภาพ
WD220 Z58M ฉ.1 
  Barcode: 027442
ห้องสมุดวิทยาเขตสวรรค์ประชารักษ์
►หนังสือทั่วไป
บนชั้น

รายการใกล้เคียง
    ผู้แต่ง [JoAnn Zerwekh]

BibComment


ยังไม่เคยถูกคอมเมนท์

คอมเมนท์ทรัพยากรรายการนี้
  คอมเมนท์: Mosbys Fluids El..


 Copyright 2026. Bcnsprnw @Library